000 00534nam a22002057a 4500
003 OSt
005 20160623155134.0
008 121120t xxu||||| |||| 00| 0 eng d
020 _a0590098942
050 _aPZ 7
_b.F648 1998
082 _aKF
_bF67sc 1998
100 _aFlynn, Kieran
_96955
245 _aAliens in the end zone /
_cby Kieran Flynn
260 _aNew York:
_bScholastic Inc.,
_c1998.
300 _g20 cm.
_a78 p. ;
562 _e1
650 _aFootball team
_xStories.
_96956
942 _2lcc
_cBK
999 _c1275
_d1275